Od výšky splateného vkladu sa odvodzuje podiel spoločníka na zisku spoločnosti

Základné povinnosti spoločníka spoločnosti s ručením obmedzeným - vkladová povinnosť, diferenčná povinnosť, príplatková povinnosť, preukazná povinnosť, ručenie za záväzky a iné povinnosti spoločníkov.

Guardado en:
Detalles Bibliográficos
Autor principal: Jánoš, Daniel
Formato: Capítulo de libro
Lenguaje:eslovaco
Materias:
Etiquetas: Agregar Etiqueta
Sin Etiquetas, Sea el primero en etiquetar este registro!

MARC

LEADER 00000naa a2200000 4500
001 r036768
005 20230921104150.8
041 0 |a slo 
044 |a SK 
245 1 0 |a Od výšky splateného vkladu sa odvodzuje podiel spoločníka na zisku spoločnosti  |c Daniel Jánoš 
520 |a Základné povinnosti spoločníka spoločnosti s ručením obmedzeným - vkladová povinnosť, diferenčná povinnosť, príplatková povinnosť, preukazná povinnosť, ručenie za záväzky a iné povinnosti spoločníkov. 
610 2 0 |a spoločnosti s r.o. 
610 2 0 |a spoločníci 
610 2 0 |a vklady 
610 2 0 |a podiely na zisku 
100 1 |a Jánoš, Daniel